000 01054nam a2200229 a 4500
001 000894878
003 AM-YeHGA
005 20250617145437.0
008 120530s1983 ||| r 000 0 rus d
040 _aAM-YeHGA
041 0 _arus
100 1 _aШушпанов, Касьян Иванович
245 1 0 _aПозднеплиоценовая фауна млекопитающих чишмикиойского местонахождения :
_b(Зайцеобразные и грызуны) /
_cК.И. Шушпанов; АН МССР, Ин-т зоологии и физиологии.
260 _aКишинев :
_bШтиинца,
_c1983.
300 _a112 с. :
_bил.
504 _aБиблиогр.: с. 100-107
653 0 _aЗайцеобразные ископаемые - Плиоцен - МССР
653 0 _aГрызуны ископаемые - Плиоцен - МССР
710 2 _aАкадемия наук МССР
710 2 _aИнститут зоологии и физиологии АН МССР
090 _c313793
999 _c312075
_d312075